[Event "Curacao m2"]
[Site "Curacao"]
[Date "2005.06.16"]
[Round "7"]
[White "Timman, Jan H"]
[Black "Bruzon Batista, Lazaro"]
[Result "1/2-1/2"]
[WhiteElo "2607"]
[BlackElo "2669"]
[Annotator "Ribli,Z"]
[PlyCount "81"]
[EventDate "2005.06.11"]
[EventType "match"]
[EventRounds "8"]
[EventCountry "AHO"]
[SourceTitle "CBM 108"]
[Source "ChessBase"]
[SourceDate "2005.09.26"]
[SourceVersion "1"]
[SourceVersionDate "2005.09.26"]
[SourceQuality "1"]

1. e4 c5 2. Nf3 e6 3. d4 cxd4 4. Nxd4 Nc6 5. Nc3 a6 6. Be3 Nf6 7. Qd2 {Meiner
Meinung nach ist der Angriff mit Be3-Qd2 weniger stark, wenn Schwarz noch
nicht Qc7 gespielt hat. Eine ruhige Alternative wäre 7.Bd3 und nach 7...Qc7 8.
0-0 wird in eine theoretische Hauptvariante übergeleitet.} Bb4 8. f3 d5 {
Alle schwarzen Züge kommen mit Tempo.} 9. O-O-O {Markiert dieser Zug das
"letzte Wort" der Eröffnungstheorie? Weiß beschäftigt sich nicht mit der
Vertreibung des b4-Läufers; stattdessen strebt er die schnell Entwicklung
seiner Figuren an. Der Nachteil des Textzugs besteht in dem Opfer eines Bauern
und seine Kompensation ist fraglich.} (9. a3 Qa5 $5 {Das ist der große
Unterschied - Schwarz verliert kein Tempo (mit Qc7) und kann sofort Qa5
spielen.} (9... Ba5 $6 10. O-O-O O-O 11. Nb3 dxe4 12. Qf2 $14 Bd7 13. Nxe4 Nxe4
14. fxe4 {[%csl Ra5,Gd1,Rd7][%cal Gd1d8]} Ne5 15. Qg3 Bc7 (15... f6 16. Nc5 Qc8
) 16. Bf4 f6 17. Nc5 $16 {[%csl Gc5][%cal Rc5b7,Rc5e6,Rc5d7,Rd1d8] 1-0
Dominguez,L-Volokitin,A/Bermuda 2005/CBM 106/[Ribli] (46)}) 10. Nb3 Bxc3 11.
bxc3 Qc7 12. Bf4 e5 13. exd5 exf4 14. dxc6 O-O 15. O-O-O Qxc6 16. c4 Be6 17.
Qxf4 Rac8 $44 {1/2-1/2 Carlsen,M-Anand,V/Leon 2005/CBM 108 (39)}) 9... Qa5 {
Die schwarzen Figuren sind gut entwickelt und er besitzt Drohungen im Zentrum.}
(9... dxe4 10. Qf2 Bd7 11. Nxc6 bxc6 12. Nxe4 Nxe4 13. fxe4 O-O 14. e5 $14 {
1-0 Jazbinsek,S-Lejcak,T/Nerezine 2005/CBM 106 ext (37)}) (9... Qc7 10. a3 Bxc3
11. Qxc3 $36) 10. Nb3 Bxc3 11. Nxa5 (11. Qxc3 $2 Qxc3 12. bxc3 dxe4 $17) 11...
Bxd2+ 12. Bxd2 dxe4 (12... Nxa5 13. Bxa5 dxe4 $4 14. Rd8+ $18) 13. Nxc6 bxc6
14. Bc3 c5 {[%cal Gc8b7,Gb7h1] Schwarz beschäftigt sich nicht mit der Annahme
des f3-Bauern, sondern möchte die Entwicklung seines Läufers mit Bb7 beenden.}
(14... exf3 15. gxf3 Rg8 16. Rg1 $44) 15. Rd6 {Ist das die weiße Verbesserung?
Er verfügt zwar über ein aktives Figurenspiel, aber Schwarz hat einen Bauern
mehr und Weiß hat keine vollwertige Kompensation. Wahrscheinlich ist die
Alternative 15.Bxf6 gxf6 16.fxe4 besser für Weiß, als die Partiefortsetzung,
aber auch dann hätte Schwarz eine bequeme Stellung.} (15. Bxf6 gxf6 16. fxe4
Bb7 17. Bd3 Ke7 18. Rhf1 Rag8 19. Rd2 h5 $11 {Perez,R-Bruzon,L/Cuba (ch) 2003/
(19)}) 15... exf3 16. gxf3 Bb7 17. Bxf6 {Weiß verschlechtert die schwarze
Bauernstruktur, aber gibt dafür das Läuferpaar auf.} (17. Be2 Ke7 $15) 17...
gxf6 $15 18. Be2 Ke7 19. Rb6 (19. Rhd1 Bd5 20. Rb6 (20. Rxa6 Rxa6 21. Bxa6 Ra8
22. Be2 Rxa2 $17) 20... Rhb8 $17) 19... Rhb8 $1 20. Rg1 Bd5 21. Rxb8 (21. Rxa6
Rxa6 22. Bxa6 Bxf3 $17 {[%cal Gf6f5]} (22... Ra8 23. Be2 Rxa2 $17)) 21... Rxb8
22. Rg7 {[%csl Gg7][%mdl 4096] Weiß hat einen Bauern weniger, jedoch ist seine
zeitweilig aktiver Turm kein ausreichender Ersatz.} Rh8 (22... h5 23. Rh7 Rg8
24. Rxh5 $11) 23. Kd2 (23. Bxa6 Bxf3 $17 {[%csl Ge6,Gf6]}) 23... e5 24. Ke3 a5
25. b3 f5 26. f4 {Weiß muss so spielen, sonst gewinnt Schwarz weiteren Raum
mittels 26...f4+.} Kf6 27. Rg1 Re8 {[%cal Ge8e2] Endlich aktiviert Schwarz
seinen Turm.} 28. fxe5+ Kxe5 (28... Rxe5+ 29. Kf2 $15) 29. Kf2 Re6 $1 {[%cal
Ge6h6,Gh6h2]} 30. Rg3 Rh6 (30... Rg6 $142 $5 31. Rh3 h6 $17) 31. h3 Rg6 32. Rc3
Rg2+ 33. Kf1 Rh2 (33... Be4 34. Rxc5+ Kd4 35. Rc4+ Ke3 36. Rxe4+ $1 fxe4 37.
Kxg2 Kxe2 38. c4 e3 39. c5 Kd1 40. c6 e2 41. c7 e1=Q 42. c8=Q Qe2+ 43. Kg3 Qxa2
44. Qd7+ Kc2 45. Qf5+ $11) 34. Rxc5 Kd4 35. Rxd5+ $3 {[%mdl 256]
Ausgezeichnete Verteidigung in schwerer Stellung. Weiß kann den schwarzen Turm
nun einschließen.} (35. Rxa5 Rxh3 $17) 35... Kxd5 36. Bf3+ Kd4 $8 $11 (36...
Ke5 37. Bg2 Kf4 38. Kf2 $18) 37. Bg2 {[%csl Rh2]} Ke3 (37... Kc3 38. a3 $1 Kxc2
39. b4 axb4 40. axb4 Kd3 $11) 38. Kg1 Rxg2+ 39. Kxg2 Ke2 40. Kg3 Ke3 41. Kg2
1/2-1/2

[Event "Sarajevo Bosnia 35th"]
[Site "Sarajevo"]
[Date "2005.05.20"]
[Round "2"]
[White "Timofeev, Artyom"]
[Black "Volokitin, Andrei"]
[Result "1-0"]
[WhiteElo "2622"]
[BlackElo "2679"]
[Annotator "Ribli,Z"]
[PlyCount "121"]
[EventDate "2005.05.19"]
[EventType "tourn"]
[EventRounds "9"]
[EventCountry "BIH"]
[EventCategory "16"]
[SourceTitle "CBM 108"]
[Source "ChessBase"]
[SourceDate "2005.09.26"]
[SourceVersion "1"]
[SourceVersionDate "2005.09.26"]
[SourceQuality "1"]

1. e4 c5 2. Nf3 e6 3. d4 cxd4 4. Nxd4 Nc6 5. Nc3 a6 {Diese Variante ist
heutzutage wieder populär. Früher spielte man 5...Qc7, aber in diesem Fall ist
6.Be3 a6 7.Qd2 Nf6 0-0-0 eine gefährliche Variante.} 6. Nxc6 bxc6 7. Bd3 d5 8.
O-O Qc7 {Dieser Zug ist sehr prophylaktisch - Schwarz entscheidet noch nicht,
wie er seine Leichtfiguren am Königsflügel entwickeln wird. Der Nachteil des
Zuges liegt in den schwarzen Entwicklungsproblemen. Meiner Meinung nach ist
die Alternative 8...Nf6!? sicherer.} (8... Nf6 $5) 9. f4 (9. Re1 $5 Bb7 10. Qf3
Bd6 11. e5 $1 $14 (11. h4 Nf6 12. h5 {1/2-1/2 Bacrot,E-Rublevsky,S/Poikovsky
2005/CBM 106 (12)}) 11... Bf8 (11... Bxe5 12. Qh5 Bxc3 13. bxc3 $44) 12. Ne2
Ne7 13. Nf4 g6 14. c4 Bg7 15. Qe2 O-O 16. Bd2 {1/2-1/2 Topalov,V-Svidler,P/
Dortmund 2005/CBM 108(40)}) (9. Qe2 Nf6 10. Bg5 Be7 11. e5 h6 12. Bh4 Nd7 13.
Bxe7 Kxe7 14. Rae1 c5 15. b3 Bb7 16. Nd1 Nb6 17. Qg4 {1/2-1/2 Hracek,
Z-Volokitin,A/SF Katernberg - Werder Bremen 2005 (40)}) 9... Nf6 10. Kh1 Be7 (
10... Bb7 $5) 11. Qf3 (11. e5 Nd7 12. Na4 c5 (12... Nc5 13. Nxc5 Bxc5 14. c4
$14) 13. c4 d4 14. Be4 $1 Bb7 15. Qf3 Bxe4 16. Qxe4 Rc8 (16... O-O 17. b3 {
1-0 Medvegy,Z-Kragelj,I/Salgótarján 2003/(47)}) 17. b3 Qc6 18. Qe2 O-O 19. Bd2
f5 20. exf6 (20. Nb2 Kh8 {/\ Rg8, g5}) 20... Bxf6 21. Rae1 e5 22. fxe5 Nxe5 23.
Kg1 $1 {1-0 Adams,M-Timman,J/Dortmund 1999/[45)}) 11... Bb7 (11... O-O 12. Bd2
Bb7 13. Qh3 $14) 12. f5 {Dieser Zug ist viel gefährlicher für Schwarz, als die
Alternative 12.e5 Nd7.} e5 (12... dxe4 13. Nxe4 $40) (12... d4 $5 13. Nb1 exf5
14. Qxf5 Qc8 $14) 13. Qg3 d4 (13... g6 14. Bg5 $16) 14. Nb1 {[%csl Yc4][%cal
Gb1d2,Gd2c4] Der Springer geht zurück, um das Feld c4 zu okkupieren.} c5 15.
Nd2 h5 $5 $13 {[%cal Gh5h4][%mdl 4] Schwarz versucht Gegenspiel am
Königsflügel zu erlangen. Dieser Zug scheint mir besser, als die passive
Alternative 15...0-0.} (15... O-O 16. Nc4 (16. b3 $14) 16... Rfe8 (16... Kh8
17. Re1 Nd7 18. Bd2 a5 19. a4 {1-0 Adams,M-Suetin,A/Hastings 1991/(32)}) 17.
Bh6 Bf8 18. Rae1 Kh8 19. Bd2 Nd7 20. Rf3 Bc6 21. b3 Qd8 22. a4 {1-0 Schmaltz,
R-Raupp,T/Ladenburg BM 1992/GER 04 (35)}) 16. Qe1 h4 17. Nc4 {[%csl Gc4] Der
weiße Springer steht stark auf c4.} h3 18. g3 Bc6 {[%cal Gc7b7,Gb7h1] Die
schwarze Drohung ist jetzt 19...Qb7.} 19. Kg1 (19. a4 $2 Qb7 20. Nxe5 Bxe4+ 21.
Bxe4 Nxe4 22. Kg1 O-O $17) 19... Bb5 (19... Qb7 $5 20. Na5 Qc7 21. Nxc6 Qxc6)
20. Qe2 Nd7 (20... O-O) 21. a4 Bxc4 $6 (21... Bc6 $13) 22. Bxc4 $14 a5 23. Bd2
Nb6 24. Bb5+ Kf8 25. c3 $1 {[%cal Ga1c1,Gc1c7] Mit diesem Zug möchte Weiß die
Stellung am Damenflügel öffnen. Schwarz hat kein Gegenspiel.} Qd8 (25... c4 26.
cxd4 exd4 27. Rac1 $16) 26. cxd4 cxd4 (26... exd4 27. e5 $16) 27. Rac1 $16 {
[%csl Gb5,Gd2][%cal Gc1c6] Weiß hat ausgezeichnetes Figurenspiel, das
Läuferpaar und sein Turm auf c1 steht ebenfals stark.} Bg5 28. Rc6 $1 (28. f6
Bxf6 29. Bc6 Ra7 30. Qb5 $16) 28... Nc8 (28... Bxd2 29. Qxd2 $16) 29. Bxg5 Qxg5
30. f6 $40 {Weiß verfügt über einen starken Angriff.} Rh6 31. Rf5 Qe3+ 32. Qxe3
dxe3 33. fxg7+ $2 (33. Rxe5 $1 {Es droht 34.Re8+ Kxe8 35.Rxc8#.} Rxf6 (33...
gxf6 34. Re8+ $18) 34. Ra6 {[%cal Re5e8,Re8f8]} (34. Re8+ Kxe8 35. Rxc8+ $18)
34... Na7 35. Rxa7 $18) 33... Kxg7 34. Rxf7+ Kxf7 35. Rxh6 $16 {Nach den
Vereinfachungen hat Weiß "nur" einen Bauern mehr, aber seine Figuren stehen
sehr aktiv, während die schwarzen Bauern schwach sind.} Ne7 36. Rxh3 Rd8 37.
Kf1 {[%mdl 4096]} Rd4 (37... Rd2 38. Rh7+ Kf6 39. h4 $16) 38. Rh7+ (38. Rh4)
38... Kf6 39. Rh6+ Kf7 40. Rh4 Ng6 41. Rh7+ Kf6 42. Ra7 Nf8 (42... Rxe4 $2 43.
Ra6+ Kf7 44. Rxg6 Kxg6 45. Bd3 $18) 43. Ra6+ Ke7 44. Ke2 Rxe4 45. Bc6 (45. Rxa5
Ne6 46. Bd3 Nd4+ 47. Ke1 Nf3+ 48. Kd1 Rb4 49. Be2 e4 (49... Nxh2 50. Kc2 $18)
50. Kc2) 45... Rb4 46. Kxe3 Ne6 47. Bd5 Nc5 (47... Nd4 48. Ke4 $18) 48. Rc6
Nxa4 49. b3 Nb6 50. Be6 {[%csl Gc6,Ge6]} Nd7 (50... a4 51. bxa4 Nxa4 52. h4 $18
) 51. Bc4 a4 52. bxa4 Rxa4 53. Ke4 Ra5 (53... Nb8 54. Rc8 Nd7 55. Kf5 $18) 54.
Kf5 $18 {Die weißen verbundenen Freibauern sind sehr stark.} Ra3 55. Bd5 Rd3
56. Re6+ Kf7 57. Bc6 (57. Rxe5+ $2 Kf8 $11) 57... Rd2 58. Bxd7 Rxd7 59. Rxe5 {
Das Turmendspiel ist mit zwei verbundene Bauern leicht gewonnen.} Rd3 60. Ra5
Rf3+ 61. Kg5 1-0

[Event "Sofia MTel Masters 1st"]
[Site "Sofia"]
[Date "2005.05.15"]
[Round "4"]
[White "Polgar, Judit"]
[Black "Anand, Viswanathan"]
[Result "1/2-1/2"]
[WhiteElo "2732"]
[BlackElo "2785"]
[Annotator "Ribli,Z"]
[PlyCount "140"]
[EventDate "2005.05.12"]
[EventType "tourn"]
[EventRounds "10"]
[EventCountry "BUL"]
[EventCategory "20"]
[SourceTitle "CBM 107"]
[Source "ChessBase"]
[SourceDate "2005.08.01"]
[SourceVersion "1"]
[SourceVersionDate "2005.08.01"]
[SourceQuality "1"]

1. e4 c5 2. Nf3 Nc6 3. d4 cxd4 4. Nxd4 e6 5. Nc3 a6 {Diese Variante ist
heutzutage wieder populär; der "Nachteil" der Zugfolge 5...Qc7 ist, dass Weiß
kann mit Be3,Qd2,0-0-0 eine gefährliche Angriffsvariante spielen kann.} 6. Nxc6
bxc6 7. Bd3 d5 8. O-O Nf6 9. Re1 Be7 {Die andere Alternative ist 9...Bb7. Der
Textzug hat Nachteile und Vorteile; der weiße Angriff am Königsflügel mit 10.
e5 und 11.Qg4 kommt schneller, aber die b-Linie ist frei, sodass Schwarz
seinen Turm durch b4 ins Spiel bringen kann.} 10. e5 Nd7 11. Qg4 g6 12. Bh6 Rb8
13. Qh3 (13. Nd1 $5 {[%cal Gd1b2,Yc2c4]} Rb4 $5 14. Qe2 Bg5 15. c3 Rb6 16. Bxg5
Qxg5 17. g3 O-O 18. f4 Qe7 19. Nf2 c5 {1/2-1/2 Yemelin,V-Taimanov,M/St
Petersburg 1997/CBM 58/[Ribli] (82)}) (13. Rab1 Rb4 14. Qe2 Rh4 $5 15. Bd2 O-O
(15... Qb6 $5) 16. Bxa6 Bxa6 17. Qxa6 Bc5 $44 {[%csl Gc5,Gh4][%cal Gc5g1] 0-1
Zapata,A-Bruzon Bautista,L/Decameron 2003/CBM 99/[Ribli Zoltan] (53).}) 13...
Rb4 {[%csl Gb4][%cal Gb4h4]} 14. Bg7 Rg8 $5 $146 {[%mdl 4] Eine ausgezeichnete
Idee: natürlich entsprang dieser Zug einer Hausanalyse. Die Alternative 14...
Rh4 scheint mir auch spielbar.} (14... Rh4 15. Qg3 Rg8 16. Bf6 $1 Bxf6 (16...
Rb4 17. Bxe7 Qxe7 18. b3 h5 19. Na4 Rg4 20. Qe3 Qg5 21. g3 Qxe3 22. Rxe3 Rb4 {
1/2-1/2 Belotti,B-Romanishin,O/Reggio Emilia 1998/CBM 63 (59)}) 17. exf6 g5 18.
Qd6 Bb7 (18... Nxf6 19. Qxc6+ Kf8 20. Bxa6 Bxa6 21. Qxa6 Qb8 22. g3 Ng4 23. Qb5
{1-0 Linford,C-Damaso,R/Dos Hermanas 2004/CBM 99 ext (58)}) 19. g3 Rh6 20. Qb4
Bc8 21. Qd6 Bb7 22. Qb4 {1/2-1/2 Alekseev,E-Navara,D/Lausanne (m/2) 2004/ (22)}
) 15. Qxh7 Rxg7 16. Qxg7 Bf8 17. Qg8 Qg5 $1 $44 {[%csl Gb4,Re5,Gg5,Rg8]
Schwarz hat eine Qualität und Bauern weniger, aber seine Schwerfiguren stehen
ausgezeichnet, da die weiße Dame sich in großer Not befindet und der Pe5 nicht
zu verteidigen ist .} 18. g3 (18. Ne2 Rg4 (18... Nxe5 19. f4) 19. g3 Qxe5 $1
$13 (19... Nxe5 20. f4 Nf3+ 21. Kf2 Qh5 22. Kxf3 $18)) 18... Nxe5 19. f4 Nf3+ (
19... Rxf4 $2 20. Rxe5 Qxe5 21. gxf4 Qe3+ 22. Kg2 e5 23. Qh8 $18 {Schwarz hat
Initiative, aber der weiße Materialsvorteil wiegt schwerer.}) 20. Kf2 Qh5 {
Es scheint, daß der Kamikaze-Springer lebt und er sehr gefährlich für Weiß ist
.} 21. Bxg6 $5 (21. Be2 $2 Qxh2+ 22. Kxf3 e5 $19 {[%csl Rf3][%cal Gc8g4]}) (21.
Re3 d4 (21... Nd4) 22. Rxf3 Qxh2+ 23. Kf1 dxc3 24. bxc3 Rb2 $44) 21... fxg6 22.
Rxe6+ $1 {Weiß gibt Material zurück und befreit seine Dame von g8.} Bxe6 23.
Qxe6+ Be7 24. Qxc6+ Kf8 25. Qa8+ (25. Nxd5 $2 Nd4 $1 26. Qc8+ Kf7 $19 {[%csl
Rf2]}) (25. Qxd5 Nxh2) 25... Kg7 26. Qxd5 Nxh2 27. Qxh5 gxh5 $15 {Weiß hat
drei Bauern für den Läufer, aber Schwarz hat Positionsvorteil und Weiß muss um
das Remis kämpfen.} 28. Rh1 (28. b3 Ng4+ 29. Kf3 Bf6 30. Nd5 Rd4 31. Nxf6 Kxf6
32. Rh1 Kg6 33. Re1 Rd2 34. Re2 Rxe2 35. Kxe2 Kf5 36. c4 Nf6 37. b4 Ne4 (37...
Kg4 38. c5 Kxg3 39. f5 h4 40. c6 Nd5 41. f6 h3 42. f7 h2 43. f8=Q h1=Q $11) 38.
b5 $11) 28... Ng4+ (28... Rxb2 29. Rxh2 Rxc2+ 30. Ne2 Kg6 31. a4 Ra2 32. g4
hxg4 33. Kg3 Rxa4 34. Kxg4 $11) 29. Kf3 Nf6 $1 (29... Rxb2 30. Nd5 (30. Rxh5
Rxc2 31. Kxg4 Rxc3) 30... Rxc2 31. Nxe7 Rf2+ 32. Ke4 Re2+ 33. Kd4 Rxe7 34. Rxh5
) 30. b3 Rb6 31. Ne4 $6 {Die schwarze Drohung ist 31...Rc6, aber es wäre
besser für Weiß, die Springer nicht tauschen.} Nxe4 32. Kxe4 Kg6 {[%mdl 4096]}
33. c4 Re6+ 34. Kf3 Rd6 35. Re1 Rd3+ 36. Kg2 (36. Re3 $2 Rxe3+ 37. Kxe3 Kf5 38.
Kf3 Bc5 39. Kg2 Kg4 40. Kh2 a5 41. Kg2 Bb4 (41... Bd4 42. a3 $1) 42. Kf2 Bd6
43. Kg2 Bc5 $22 44. Kh2 Bf2 45. a3 Bxg3+ 46. Kg2 Bxf4 47. b4 a4 $19) 36... Bf6
37. Re6 a5 (37... Rd2+ 38. Kf3 Rxa2 39. g4 $1) 38. Ra6 Kf5 $17 39. c5 $1 (39.
Rxa5+ $2 Kg4 $19 {[%csl Gd3,Rg2,Gg4]}) 39... Bd4 $6 {Weiß ist in Zeitnot und
Schwarz spielt zu schnell - es wäre viel besser, zuerst die Turmstellung zu
verbessern.} (39... Rc3 $1 40. c6 Kg4 41. c7 Rc2+ 42. Kf1 Kf3 $1 43. Ke1 Bd4
44. Rxa5 Be3 45. Rd5 Rc1+ 46. Rd1 Rxc7 $19 {[%csl Re1,Rg3,Gh5]}) 40. Rd6 $1 {
[%cal Gd6d3]} Ke4 41. c6 Rc3 42. Kh3 {[%cal Gh3h4,Gh4h5]} Bf2 43. Rg6 Bb6 44.
Kh4 Rc5 45. Rd6 Bc7 46. Rd7 Rxc6 47. Kxh5 $15 {Ein große Leistung von Weiß; er
konnte einen Bauern vernichten.} Bd6 48. Kg5 Ba3 49. Ra7 Rc5+ 50. Kg6 Bb4 51.
Ra6 Rc3 52. Re6+ Kf3 53. f5 {[%csl Gf5][%cal Gf5f6,Gf6f7] Die einzige Hoffnung
für Weiß ist sein starker f-Bauer.} Rc2 54. f6 Rxa2 55. f7 Kxg3 56. Kg7 Rf2 57.
Rg6+ (57. Re8 $5 Rf4 58. f8=Q Bxf8+ 59. Rxf8 Rxf8 60. Kxf8 Kf4 61. Ke7 $11)
57... Kh3 (57... Kf4 58. f8=Q+ Bxf8+ 59. Kxf8 $11) 58. Rh6+ Kg2 59. Rh5 $1 {
[%cal Gh5a5] Die weiße Drohung ist 60.Rxa5 und 61.f8Q mit Remis.} Rf3 60. Rg5+
Kf2 61. Kg8 $1 (61. Rxa5 $6 Bc3+ 62. Kg8 Rg3+ 63. Kh7 Rg7+ 64. Kh6 Rxf7 $15 {
Das Endspiel mit R und B gegen R ist theoretisch Remis.}) 61... Rg3 62. Rxg3
Kxg3 63. f8=Q Bxf8 64. Kxf8 $11 Kf4 65. Ke7 Ke5 66. Kd7 Kd5 67. Kc7 Kc5 68. Kb7
Kb4 69. Ka6 a4 70. bxa4 Kxa4 1/2-1/2

[Event "Alcobendas m"]
[Site "Alcobendas"]
[Date "1994.??.??"]
[Round "3"]
[White "Topalov, Veselin"]
[Black "Illescas Cordoba, Miguel"]
[Result "1-0"]
[WhiteElo "2645"]
[BlackElo "2590"]
[Annotator "Ribli,Z"]
[PlyCount "55"]
[EventDate "1994.11.??"]
[EventType "match"]
[EventRounds "6"]
[EventCountry "ESP"]
[SourceTitle "CBM 045"]
[Source "ChessBase"]
[SourceDate "1995.04.01"]
[SourceVersion "1"]
[SourceVersionDate "1995.04.01"]
[SourceQuality "1"]

1. e4 c5 2. Nf3 Nc6 3. d4 cxd4 4. Nxd4 e6 5. Nc3 a6 6. g3 Nge7 7. Nb3 d6 8. a4
Bd7 (8... b6 9. Bg2 Bb7 10. O-O Nc8 $6 11. f4 Be7 12. f5 $1 $14 {Jansa,
V-Taimanov,M/Brno/1975/INF20,391/}) 9. Bg2 Nc8 10. O-O Be7 11. Qe2 O-O 12. Be3
Qc7 (12... Na5 13. Nxa5 Qxa5 14. Bd4 $14 {de Firmian,N-Zapata,A/Tunis izt/1985/
INF39,218/}) 13. f4 Rb8 $6 (13... Bf6 $5 14. a5 Nb4 (14... N6a7 $6 15. e5 $1
dxe5 16. Ne4 Be7 17. fxe5 Qxe5 18. Bd4 Qc7 19. Qh5 $40 {Szmetan,J-Langeweg,K/
Buenos Aires ol/1978/INF26,369/}) 15. Qd2 Rb8 16. Rfd1 Rd8 17. Bd4 e5 18. Be3
b5 19. f5 Be7 20. g4 Be8 21. Qf2 $14 {Spangerberg,H-Zapata,A/Capablanca mem/
1993/CBM36/}) 14. g4 Re8 15. g5 Nb4 (15... Bf8 16. a5 $14) 16. Qf2 b5 17. axb5
axb5 18. f5 Nxc2 (18... Bf8 19. g6 $1 $40) 19. Qxc2 b4 20. g6 $1 e5 (20... bxc3
$2 21. gxf7+ Kxf7 22. fxe6+ Kxe6 23. Bh3+ Ke5 24. Bd4#) (20... hxg6 21. fxg6
fxg6 22. e5 $1 bxc3 23. Qxg6 $18) 21. Nc5 $1 bxc3 (21... dxc5 22. Nd5 Qd8 23.
gxf7+ Kxf7 24. Nxe7 Qxe7 25. Qc4+ Kf8 26. Bxc5 $18) 22. Na6 Rxb2 (22... Qb7 23.
Nxb8 Qxb8 24. gxf7+ Kxf7 25. bxc3 $18) 23. Nxc7 Rxc2 24. Nxe8 Bxe8 25. f6 $1
Rxg2+ (25... Bxf6 26. Bh3 Ne7 27. Ra8 $18) 26. Kxg2 Bxf6 27. Ra8 Bd7 28. Rc1 {
Ribli} 1-0